000 00363nam a22001577a 4500
003 SGT
020 _a978-0-470-71421-8
082 _bBUC
100 _aBob B. Buchanan
245 _aBiochemistry and Molecular Biology of Plants
250 _a2ND
260 _aNEW DELHI
_b Wiley-Blackwell
_c2015
300 _a1264
650 _aAGRICULTURE
942 _2ddc
_cBK
999 _c13815
_d13815